| 000 | 00485nam a2200193Ia 4500 | ||
|---|---|---|---|
| 008 | 210210b2007 xxu||||| |||| 00| 0 eng d | ||
| 020 | _a8190135880 | ||
| 041 | _aeng | ||
| 082 | _a581.634K MAGK | ||
| 100 | _aMAGADI GURUDEVA (Ar) | ||
| 245 | _aKarnATakada auShadhIya sasyagaLu | ||
| 260 |
_aBengaLUru _bDivyachandra Prakashana _c2007 |
||
| 300 | _a824 | ||
| 650 | _asasyagaLu | ||
| 650 | _aKarnATakada | ||
| 650 | _aauShadhIya | ||
| 690 | _aEconomic Botany | ||
| 906 | _a067314 | ||
| 999 |
_c149701 _d149701 |
||